[Event "Vaujany op-A 7th"]
[Site "Vaujany"]
[Date "2016.07.22"]
[Round "7"]
[White "Schmitt, Gregory"]
[Black "Hodot, Yves"]
[Result "1-0"]
[WhiteElo "1987"]
[BlackElo "1858"]
[PlyCount "82"]
[EventDate "2016.07.16"]
[EventType "swiss"]
[EventRounds "9"]
[EventCountry "FRA"]
[SourceTitle "EXT 2019"]
[Source "ChessBase"]
[SourceDate "2018.10.10"]
[SourceVersion "1"]
[SourceVersionDate "2018.10.10"]
[SourceQuality "1"]

1. d4 f5 2. Bg5 c5 3. Nc3 cxd4 4. Qxd4 Nc6 5. Qh4 g6 6. e4 Bg7 7. exf5 Qa5 8. Bd2 Nb4 9. Nb5 Nxc2+ 10. Kd1 Qb6 11. Kxc2 d6 12. Rc1 Bxf5+ 13. Kd1 Rc8 14. Rxc8+ Bxc8 15. Qc4 Bd7 16. Be3 Qa5 17. b4 Qa4+ 18. Kd2 Nf6 19. Nc7+ Kd8 20. Bd3 b5 21. Ne6+ Bxe6 22. Qxe6 Qxb4+ 23. Ke2 Qb2+ 24. Bd2 Nd7 25. Nf3 Nc5 26. Qd5 Na4 27. Qa8+ Kd7 28. Qxa7+ Ke6 29. Re1 Be5 30. Ng5+ Kf6 31. Ne4+ Ke6 32. Kf1 Rf8 33. Be3 Rf5 34. Ng5+ Kf6 35. Bxf5 gxf5 36. Qa8 f4 37. Qf8+ Kxg5 38. h4+ Kg4 39. Qh6 Bf6 40. Qxf4+ Kh5 41. Qf5+ Kxh4 1-0

[Event "Vaujany op-A 7th"]
[Site "Vaujany"]
[Date "2016.07.19"]
[Round "4"]
[White "Hodot, Yves"]
[Black "Gatineau, Yovann"]
[Result "1/2-1/2"]
[WhiteElo "1858"]
[BlackElo "2206"]
[PlyCount "116"]
[EventDate "2016.07.16"]
[EventType "swiss"]
[EventRounds "9"]
[EventCountry "FRA"]
[SourceTitle "EXT 2019"]
[Source "ChessBase"]
[SourceDate "2018.10.10"]
[SourceVersion "1"]
[SourceVersionDate "2018.10.10"]
[SourceQuality "1"]

1. e4 c5 2. g3 d5 3. exd5 Qxd5 4. Qf3 Qxf3 5. Nxf3 Nc6 6. c3 Bg4 7. Bg2 0-0-0 8. Na3 e5 9. Nc4 f6 10. Ne3 Be6 11. 0-0 Nge7 12. a4 g5 13. a5 e4 14. Ne1 f5 15. f4 gxf4 16. gxf4 Bh6 17. Bh3 Rhf8 18. a6 b6 19. Ra4 Na5 20. b4 Nb3 21. N1g2 b5 22. Ra3 c4 23. Kh1 Nxd2 24. Bxd2 Rxd2 25. Ra5 Bd7 26. Rd1 Rd3 27. Rxd3 exd3 28. Ra2 Bc6 29. Kg1 Bg7 30. Ra3 Be4 31. Kf2 Ng6 32. Ke1 Bh6 33. Ra5 Nxf4 34. Nxf4 Bxf4 35. Nf1 Bc6 36. Ra2 Re8+ 37. Kf2 Be5 38. Ra3 Kc7 39. Bg2 Bxh2 40. Bxc6 Re2+ 41. Kf3 Kxc6 42. Nxh2 Rxh2 43. Ra1 Rc2 44. Rh1 Rxc3 45. Rh6+ Kd5 46. Rxh7 d2+ 47. Ke2 Rd3 48. Kd1 c3 49. Rd7+ Kc4 50. Rxd3 Kb3 51. Rd5 Kb2 52. Rc5 f4 53. Rc7 Kb3 54. Rf7 Kb2 55. Rc7 Kb3 56. Rf7 Kb2 57. Rc7 f3 58. Rxc3 Kxc3 1/2-1/2

[Event "Vaujany op-A 7th"]
[Site "Vaujany"]
[Date "2016.07.17"]
[Round "2"]
[White "Hodot, Yves"]
[Black "Di Nicolantonio, Lucas"]
[Result "0-1"]
[WhiteElo "1858"]
[BlackElo "2393"]
[PlyCount "70"]
[EventDate "2016.07.16"]
[EventType "swiss"]
[EventRounds "9"]
[EventCountry "FRA"]
[SourceTitle "EXT 2019"]
[Source "ChessBase"]
[SourceDate "2018.10.10"]
[SourceVersion "1"]
[SourceVersionDate "2018.10.10"]
[SourceQuality "1"]

1. e4 c5 2. Nc3 Nc6 3. Nf3 d6 4. Bb5 e5 5. 0-0 g6 6. a3 Bg7 7. b4 cxb4 8. axb4 Nge7 9. Ne2 0-0 10. c3 d5 11. d3 h6 12. Ba3 a6 13. Ba4 b5 14. Bb3 Kh7 15. Qc2 f5 16. Nd2 Bb7 17. Qa2 dxe4 18. dxe4 Qb6 19. Kh1 Rad8 20. c4 Rd3 21. c5 Qd8 22. Rad1 a5 23. Nc1 Rd4 24. Nf3 fxe4 25. Nxd4 exd4 26. bxa5 Qxa5 27. Bb2 Qc7 28. Qb1 Ne5 29. Rxd4 Ng4 30. Rd6 Qxc5 31. Bxg7 Qxd6 32. g3 e3+ 33. f3 Rxf3 34. Rxf3 Bxf3+ 35. Kg1 Qd2 0-1

[Event "FRA-ch Seniors"]
[Site "Nancy"]
[Date "2013.08.21"]
[Round "9"]
[White "Hodot, Yves"]
[Black "Giffard, Nicolas"]
[Result "0-1"]
[WhiteElo "1928"]
[BlackElo "2337"]
[PlyCount "66"]
[EventDate "2013.08.11"]
[EventType "swiss"]
[EventRounds "11"]
[EventCountry "FRA"]
[SourceTitle "CBM 156 Extra"]
[Source "ChessBase"]
[SourceDate "2013.10.22"]
[SourceVersion "1"]
[SourceVersionDate "2013.10.22"]
[SourceQuality "1"]

1. e4 c6 2. d4 d5 3. e5 Bf5 4. Nc3 e6 5. g4 Bg6 6. Nh3 c5 7. Bg5 Qd7 8. Be3 cxd4 9. Bxd4 Ne7 10. f4 Nec6 11. Bb5 Be7 12. 0-0 0-0 13. f5 exf5 14. Nf4 fxg4 15. Ncxd5 a6 16. Be2 Bf5 17. c3 Bd8 18. Ne3 Nxd4 19. cxd4 Nc6 20. Nxf5 Qxf5 21. Bxg4 Qe4 22. e6 Bb6 23. exf7+ Rxf7 24. Qf3 Rxf4 25. Qxe4 Rxe4 26. Bf3 Rxd4 27. Kh1 Rd2 28. Rac1 Rc8 29. Bg4 Rcd8 30. Be6+ Kh8 31. Rf7 Ne5 32. Rf5 Ng4 33. Rcf1 Rxh2# 0-1

[Event "FRA-ch Seniors"]
[Site "Nancy"]
[Date "2013.08.12"]
[Round "1"]
[White "Lambert, Rene"]
[Black "Hodot, Yves"]
[Result "0-1"]
[WhiteElo "1677"]
[BlackElo "1928"]
[PlyCount "32"]
[EventDate "2013.08.11"]
[EventType "swiss"]
[EventRounds "11"]
[EventCountry "FRA"]
[SourceTitle "CBM 156 Extra"]
[Source "ChessBase"]
[SourceDate "2013.10.22"]
[SourceVersion "1"]
[SourceVersionDate "2013.10.22"]
[SourceQuality "1"]

1. b3 f6 2. Bb2 e5 3. e4 c6 4. Nf3 d5 5. exd5 cxd5 6. Bb5+ Nc6 7. 0-0 Bd6 8. d4 e4 9. Nfd2 a6 10. Ba4 f5 11. c4 Nh6 12. cxd5 Bxh2+ 13. Kxh2 Qh4+ 14. Kg1 Ng4 15. Qxg4 Qxg4 16. dxc6 b5 0-1

[Event "FRA-ch Seniors"]
[Site "Pau"]
[Date "2012.08.22"]
[Round "8"]
[White "Hoyer, Hans Gerd"]
[Black "Hodot, Yves"]
[Result "0-1"]
[WhiteElo "1990"]
[BlackElo "1903"]
[PlyCount "120"]
[EventDate "2012.08.14"]
[EventType "swiss"]
[EventRounds "11"]
[EventCountry "FRA"]
[SourceTitle "EXT 2013"]
[Source "ChessBase"]
[SourceDate "2012.11.22"]
[SourceVersion "1"]
[SourceVersionDate "2012.11.22"]
[SourceQuality "1"]

1. Nf3 f5 2. g3 Nf6 3. Bg2 g6 4. d3 Bg7 5. Nbd2 d5 6. 0-0 0-0 7. c3 Nc6 8. Qc2 e5 9. e4 Kh8 10. b4 fxe4 11. dxe4 dxe4 12. Nxe4 Nxe4 13. Qxe4 Bf5 14. Qe3 h6 15. b5 e4 16. bxc6 exf3 17. Bxf3 b6 18. Rd1 Qf6 19. Bg2 Rae8 20. Qd4 Bc2 21. Qxf6 Rxf6 22. Rf1 Bd3 23. Rd1 Be2 24. Re1 Rfe6 25. Bb2 Bc4 26. Rxe6 Rxe6 27. a4 Bb3 28. Bf3 Rd6 29. a5 b5 30. Re1 Re6 31. Rb1 Bc2 32. Rc1 Bf5 33. Ba3 h5 34. Bc5 a6 35. Bd4 Bh3 36. Be3 Kh7 37. Rd1 Re7 38. Rc1 Bh6 39. Bxh6 Kxh6 40. Rd1 Kg5 41. Bd5 Kf6 42. f4 Re3 43. Rc1 Bf5 44. Kf2 Rd3 45. Bf3 Rd2+ 46. Kg1 Ra2 47. Bd5 Rxa5 48. Re1 b4 49. Bc4 bxc3 50. Rc1 c2 51. Bb3 Rc5 52. Ba4 Rc4 53. Bb3 Rb4 54. Bxc2 Rc4 55. Ra1 Rxc2 56. Rxa6 Be4 57. h3 Rg2+ 58. Kf1 Rxg3 59. Ra7 Rxh3 60. Ra4 Bxc6 0-1

[Event "FRA-ch Seniors"]
[Site "Pau"]
[Date "2012.08.16"]
[Round "3"]
[White "Hodot, Yves"]
[Black "Ruiz, Richard"]
[Result "0-1"]
[WhiteElo "1903"]
[BlackElo "2119"]
[PlyCount "118"]
[EventDate "2012.08.14"]
[EventType "swiss"]
[EventRounds "11"]
[EventCountry "FRA"]
[SourceTitle "EXT 2013"]
[Source "ChessBase"]
[SourceDate "2012.11.22"]
[SourceVersion "1"]
[SourceVersionDate "2012.11.22"]
[SourceQuality "1"]

1. e4 c6 2. d4 g6 3. h4 h5 4. Bd3 Bg7 5. c3 d5 6. e5 Nh6 7. Nf3 Bf5 8. Bxf5 Nxf5 9. e6 fxe6 10. Bf4 Nd7 11. g4 hxg4 12. Ng5 Nf8 13. Qxg4 Qd7 14. Nd2 Nh6 15. Qe2 Nf7 16. Nxf7 Kxf7 17. Nf3 Bf6 18. 0-0-0 c5 19. Be5 cxd4 20. Rxd4 Rh5 21. Rg1 Rc8 22. Rg5 Bxg5+ 23. Nxg5+ Kg8 24. Rf4 Rxg5 25. hxg5 Rc4 26. Bd4 Qd6 27. Rh4 Nh7 28. f4 e5 29. Bxe5 Qe6 30. Qh2 Qf7 31. Rh6 Rc6 32. Qh3 Re6 33. Qe3 Qf5 34. Qd4 Nxg5 35. Rh8+ Kf7 36. Qxd5 Qe4 37. Rh7+ Ke8 38. Qb5+ Qc6 39. Rh8+ Kf7 40. Qxc6 bxc6 41. Bd4 Re1+ 42. Kc2 Ne6 43. Rh7+ Ke8 44. Bxa7 Nxf4 45. a4 Re2+ 46. Kb3 Nd3 47. a5 Rxb2+ 48. Ka3 Rb1 49. Bb6 g5 50. Rh2 Ne5 51. Ka2 Rb5 52. Rh8+ Kf7 53. Ra8 g4 54. Bd4 Nc4 55. a6 c5 56. a7 Ra5+ 57. Kb1 cxd4 58. cxd4 g3 59. Rc8 g2 0-1

[Event "Vaujany op 3rd"]
[Site "Vaujany"]
[Date "2012.07.14"]
[Round "3"]
[White "Hodot, Yves"]
[Black "Viennot, Dylan"]
[Result "0-1"]
[WhiteElo "1915"]
[BlackElo "2149"]
[PlyCount "84"]
[EventDate "2012.07.12"]
[EventType "swiss"]
[EventRounds "9"]
[EventCountry "FRA"]
[SourceTitle "CBM 149 Extra"]
[Source "ChessBase"]
[SourceDate "2012.08.24"]
[SourceVersion "1"]
[SourceVersionDate "2012.08.24"]
[SourceQuality "1"]

1. e4 e6 2. d4 d5 3. Nc3 Nf6 4. Bg5 Be7 5. e5 Nfd7 6. h4 h6 7. Be3 c5 8. Qg4 g6 9. Bd3 Nc6 10. 0-0-0 cxd4 11. Bxd4 Ndxe5 12. Bxe5 Nxe5 13. Bb5+ Bd7 14. Qg3 Bd6 15. f4 Nc6 16. Nge2 a6 17. Bxc6 bxc6 18. Qe3 Qe7 19. Na4 Rb8 20. h5 g5 21. fxg5 Qxg5 22. Qxg5 hxg5 23. c4 Rb4 24. b3 Ke7 25. c5 Be5 26. Nb2 Rh4 27. Nd3 Bc7 28. Rxh4 gxh4 29. Nef4 e5 30. Re1 Kf6 31. Ne2 Rxh5 32. Nb4 a5 33. Na6 Bd8 34. Nb8 Be8 35. Nd4 Bc7 36. Ndxc6 Rg5 37. Re2 Rg4 38. a3 Ke6 39. Kc2 d4 40. Nxe5 Bxe5 41. c6 Rg3 42. Nd7 d3+ 0-1

[Event "FRA-ch Seniors"]
[Site "Caen"]
[Date "2011.08.19"]
[Round "4"]
[White "Basic, Bosko"]
[Black "Hodot, Yves"]
[Result "1-0"]
[WhiteElo "2067"]
[BlackElo "1946"]
[PlyCount "83"]
[EventDate "2011.08.16"]
[EventType "swiss"]
[EventRounds "11"]
[EventCountry "FRA"]
[SourceTitle "CBM 144 Extra"]
[Source "ChessBase"]
[SourceDate "2011.10.28"]
[SourceVersion "1"]
[SourceVersionDate "2011.10.28"]
[SourceQuality "1"]

1. Nf3 f5 2. c4 Nf6 3. g3 g6 4. Bg2 Bg7 5. 0-0 0-0 6. d4 d6 7. Nc3 c6 8. d5 e5 9. dxe6 Bxe6 10. Qd3 Nbd7 11. Ng5 Qe7 12. Rd1 Rae8 13. Nxe6 Qxe6 14. Qxd6 Qxc4 15. Qc7 Nc5 16. Be3 Rxe3 17. fxe3 Bh6 18. Rd8 Bxe3+ 19. Kh1 Rxd8 20. Qxd8+ Kf7 21. Rd1 Ne6 22. Qb8 Qa6 23. Qe5 Bc5 24. h3 h5 25. e4 f4 26. gxf4 Be7 27. f5 Nf8 28. Qf4 Qc4 29. Rf1 h4 30. Qh6 Qd4 31. fxg6+ Kg8 32. g7 N8h7 33. Qg6 Qe5 34. Rf5 Qg3 35. Qxg3 hxg3 36. e5 Nd7 37. Ne4 Kxg7 38. Nxg3 Nc5 39. Ne4 Kg6 40. Rf1 Nd3 41. Nf6 Nxe5 42. Be4+ 1-0

[Event "FRA-ch Seniors"]
[Site "Caen"]
[Date "2011.08.18"]
[Round "3"]
[White "Hodot, Yves"]
[Black "Mirguet, Bernard"]
[Result "1-0"]
[WhiteElo "1946"]
[BlackElo "1608"]
[PlyCount "43"]
[EventDate "2011.08.16"]
[EventType "swiss"]
[EventRounds "11"]
[EventCountry "FRA"]
[SourceTitle "CBM 144 Extra"]
[Source "ChessBase"]
[SourceDate "2011.10.28"]
[SourceVersion "1"]
[SourceVersionDate "2011.10.28"]
[SourceQuality "1"]

1. e4 c5 2. b4 cxb4 3. c4 bxc3 4. Nxc3 e6 5. Qb3 Nc6 6. Nf3 Bc5 7. Bb5 Nge7 8. Bb2 a6 9. Be2 0-0 10. Rd1 Nd4 11. Qc4 Nc2+ 12. Kf1 Ba3 13. Qb3 Bxb2 14. Qxb2 Ne3+ 15. dxe3 b5 16. h4 Bb7 17. Rh3 Qc7 18. Rg3 f6 19. Nd4 f5 20. Rxg7+ Kh8 21. Nf3 Ng8 22. Rdxd7 1-0

[Event "FRA-chT1 1011"]
[Site "France"]
[Date "2010.11.13"]
[Round "2.4"]
[White "Minery, Guillaume"]
[Black "Hodot, Yves"]
[Result "0-1"]
[WhiteElo "1917"]
[BlackElo "1952"]
[PlyCount "108"]
[EventDate "2010.10.17"]
[EventType "team-tourn"]
[EventRounds "11"]
[EventCountry "FRA"]
[SourceTitle "EXT 2012"]
[Source "ChessBase"]
[SourceDate "2011.11.24"]
[SourceVersion "1"]
[SourceVersionDate "2011.11.24"]
[SourceQuality "1"]

1. e4 e6 2. Nf3 c5 3. b4 cxb4 4. d4 Nc6 5. a3 Nf6 6. d5 Nxe4 7. dxc6 Bc5 8. cxd7+ Bxd7 9. Be3 Bxe3 10. fxe3 Qa5 11. Nfd2 Bc6 12. Nxe4 Bxe4 13. Qd4 bxa3+ 14. Nc3 0-0 15. Kf2 Bg6 16. Nb5 Rad8 17. Qc3 Qb6 18. Nxa3 Rc8 19. Qd4 Qc7 20. Bd3 e5 21. Qxa7 Qc3 22. Qxb7 Qd2+ 23. Be2 f5 24. Rhd1 Qc3 25. Qb3+ Kh8 26. Qxc3 Rxc3 27. Bd3 e4 28. Be2 f4 29. exf4 Rxf4+ 30. Kg1 Rf8 31. h3 h5 32. Kh2 Rf2 33. Re1 Kh7 34. Bf1 Kh6 35. Re2 Rxf1 36. Rxf1 Rxa3 37. Rc1 Rc3 38. Kg1 Kg5 39. Kf2 Kf4 40. Kg1 e3 41. Rf1+ Ke5 42. Rff2 Kd4 43. Rf4+ Be4 44. h4 Ke5 45. Rf7 g6 46. g3 Bd5 47. Re7+ Kd4 48. Rd7 Ke4 49. Rd6 Bc4 50. Re1 e2 51. Rxg6 Ke3 52. Rg5 Ke4 53. Kf2 Rf3+ 54. Kg2 Rf1 0-1

[Event "FRA-ch op-A"]
[Site "Pau"]
[Date "2008.08.16"]
[Round "5"]
[White "Hodot, Yves"]
[Black "Lewertowski, Gabriel"]
[Result "1/2-1/2"]
[WhiteElo "1963"]
[BlackElo "2017"]
[PlyCount "108"]
[EventDate "2008.08.11"]
[EventType "swiss"]
[EventRounds "9"]
[EventCountry "FRA"]
[SourceTitle "CBM 126 Extra"]
[Source "ChessBase"]
[SourceDate "2008.11.05"]
[SourceVersion "1"]
[SourceVersionDate "2008.11.05"]
[SourceQuality "1"]

1. e4 Nf6 2. e5 Nd5 3. Qf3 e6 4. c4 Nb6 5. Qg3 Nc6 6. Nf3 d5 7. c5 Nd7 8. d4 b6 9. cxb6 axb6 10. a3 Nb4 11. Kd1 c5 12. Nc3 Nc6 13. Bd3 Ba6 14. Bxa6 Rxa6 15. Re1 Ne7 16. Bg5 Nf5 17. Qg4 Qc8 18. Nxd5 Qc6 19. Nc3 cxd4 20. Nxd4 Qc4 21. Ncb5 Nxd4 22. Nxd4 Bc5 23. Be3 0-0 24. Qe4 Nxe5 25. Qxe5 Qd3+ 26. Bd2 Bxd4 27. Qd6 Qb3+ 28. Ke2 Qc4+ 29. Kf3 Bxb2 30. Bb4 Raa8 31. Rad1 Qh4 32. g3 Qf6+ 33. Kg2 Rfd8 34. Qc6 Bxa3 35. Bc3 Qe7 36. Qe4 Bc5 37. Qg4 f5 38. Qc4 Rxd1 39. Rxd1 Re8 40. Re1 Qf7 41. f4 Qb7+ 42. Kh3 Qc6 43. Ba1 Re7 44. Re5 Kf8 45. Bd4 Qe8 46. Bxc5 bxc5 47. Rxc5 Qh5+ 48. Kg2 Rd7 49. Rc8+ Kf7 50. Rc7 Rxc7 51. Qxc7+ Kf8 52. Qd6+ Kf7 53. Qd7+ Kf6 54. Qd8+ Kf7 1/2-1/2

[Event "Nice op 20th"]
[Site "Nice"]
[Date "2004.12.??"]
[Round "5"]
[White "Midoux, Sebastien"]
[Black "Hodot, Yves"]
[Result "1-0"]
[WhiteElo "2305"]
[BlackElo "2034"]
[PlyCount "80"]
[EventDate "2004.12.26"]
[EventType "swiss"]
[EventRounds "7"]
[EventCountry "FRA"]
[SourceTitle "CBM 104 Extra"]
[Source "ChessBase"]
[SourceDate "2005.03.01"]
[SourceVersion "1"]
[SourceVersionDate "2005.03.01"]
[SourceQuality "1"]

1. e4 e6 2. d4 d5 3. Nc3 Bb4 4. Nge2 dxe4 5. a3 Be7 6. Nxe4 f5 7. Nd2 Nf6 8. Nf3 c5 9. Nf4 Nc6 10. Bc4 Qb6 11. Qe2 Ne4 12. d5 Nd4 13. Nxd4 cxd4 14. Nxe6 Bxe6 15. dxe6 Qa5+ 16. Kf1 0-0 17. f3 Rac8 18. g3 Qc5 19. Bb3 Qb6 20. Kg2 d3 21. Qe3 Nc5 22. Ba2 Kh8 23. cxd3 f4 24. gxf4 Rf6 25. Re1 Qa6 26. Bc4 b5 27. Ba2 Qa4 28. d4 Qc2+ 29. Bd2 Nd3 30. Kh1 Nxe1 31. Rc1 Qxc1 32. Bxc1 Nxf3 33. Bd5 Nxd4 34. Bd2 Nf5 35. Qd3 Bc5 36. Kg2 Rg6+ 37. Kf3 Nd4+ 38. Ke4 Re8 39. f5 Rg4+ 40. Ke5 h6 1-0

[Event "FRA-chT2 0304a"]
[Site "France"]
[Date "2004.04.04"]
[Round "11.8"]
[White "De Leeuw, Johannes"]
[Black "Hodot, Yves"]
[Result "0-1"]
[WhiteElo "1980"]
[BlackElo "2071"]
[PlyCount "108"]
[EventDate "2003.10.??"]
[EventType "team"]
[EventRounds "11"]
[EventCountry "FRA"]
[SourceTitle "EXT 2005"]
[Source "ChessBase"]
[SourceDate "2004.11.15"]
[SourceVersion "1"]
[SourceVersionDate "2004.11.15"]
[SourceQuality "1"]
[WhiteTeam "Antibes"]
[BlackTeam "Grenoble"]
[WhiteTeamCountry "FRA"]
[BlackTeamCountry "FRA"]

1. e4 e6 2. d4 d5 3. Bd3 c5 4. c3 dxe4 5. Bxe4 Nf6 6. Bf3 Nc6 7. Ne2 e5 8. Bxc6+ bxc6 9. dxe5 Qxd1+ 10. Kxd1 Ng4 11. Be3 Ba6 12. Nd2 0-0-0 13. Ke1 Nxe5 14. Nc1 f5 15. f3 Be7 16. Kf2 g5 17. g3 Rhf8 18. f4 Ng4+ 19. Kf3 Bf6 20. Ndb3 Nxe3 21. Kxe3 Rfe8+ 22. Kf2 c4 23. fxg5 Bxg5 24. Nd4 Rxd4 25. cxd4 Be3+ 26. Kf3 c5 27. d5 Bb7 28. Rd1 Bd4 29. Rxd4 cxd4 30. Ne2 Bxd5+ 31. Kf2 d3 32. Nf4 Bf7 33. Rc1 Kb7 34. Re1 Re4 35. Rxe4 fxe4 36. Ke3 Kc6 37. Kd2 Kc5 38. Ng2 Kb4 39. Ne3 a5 40. Nd1 Bg6 41. Ne3 a4 42. Nd5+ Kc5 43. Ne3 Kd4 44. a3 h5 45. Nd1 Bf5 46. Ne3 Be6 47. Ng2 c3+ 48. bxc3+ Kc4 49. Nf4 Bf7 50. h3 Kb3 51. g4 hxg4 52. hxg4 Kxa3 53. Ke3 Kb3 54. Kd2 a3 0-1

[Event "FRA-chT2 0304a"]
[Site "France"]
[Date "2004.04.03"]
[Round "10.8"]
[White "Hodot, Yves"]
[Black "Verot, Melanie"]
[Result "0-1"]
[WhiteElo "2071"]
[BlackElo "2084"]
[PlyCount "162"]
[EventDate "2003.10.??"]
[EventType "team"]
[EventRounds "11"]
[EventCountry "FRA"]
[SourceTitle "EXT 2005"]
[Source "ChessBase"]
[SourceDate "2004.11.15"]
[SourceVersion "1"]
[SourceVersionDate "2004.11.15"]
[SourceQuality "1"]
[WhiteTeam "Grenoble"]
[BlackTeam "Cannes II"]
[WhiteTeamCountry "FRA"]
[BlackTeamCountry "FRA"]

1. e4 c5 2. b4 cxb4 3. c4 bxc3 4. Nxc3 e5 5. Nf3 Nc6 6. Bb5 Bd6 7. 0-0 Nf6 8. d4 exd4 9. Bxc6 dxc3 10. Ba4 Bb4 11. e5 Ng8 12. Ng5 Nh6 13. Qc2 Be7 14. h4 Qb6 15. e6 fxe6 16. Rb1 Qd6 17. Rd1 Qe5 18. Rb5 Qf6 19. Qe2 0-0 20. Rd3 Nf5 21. Bc2 a6 22. Rb3 h6 23. Nf3 b5 24. Rbxc3 Bb7 25. Bb2 Bxf3 26. Qxf3 Nd4 27. Qe3 e5 28. Bb3+ Kh8 29. Bd5 Rac8 30. Rxc8 Rxc8 31. g3 Bc5 32. Qe4 Rf8 33. Bxd4 Bxd4 34. Rf3 Qd6 35. Rxf8+ Qxf8 36. Qe2 Qc5 37. Bb3 d5 38. Kg2 a5 39. Qh5 a4 40. Bd1 Qe7 41. Bc2 Qf8 42. Bf5 Qe7 43. Qg6 Kg8 44. Qc6 b4 45. Qxd5+ Kf8 46. Qa8+ Qe8 47. Qb7 Bc3 48. Qb6 Qe7 49. Bg6 Qd7 50. h5 Qd5+ 51. Kh2 Qd4 52. Qb8+ Ke7 53. Qb7+ Kd6 54. Qa6+ Kc7 55. Kg2 Qd5+ 56. Kh3 Qh1+ 57. Kg4 Qd1+ 58. f3 Qd4+ 59. Be4 Qd7+ 60. Kh4 Bd2 61. g4 Qe7+ 62. Kh3 Be1 63. Qa7+ Kd8 64. Qb8+ Kd7 65. Bf5+ Kc6 66. Qc8+ Kd5 67. Kg2 Qc5 68. Qd7+ Qd6 69. Qxa4 Bc3 70. Qb5+ Kd4 71. a4 Ke3 72. Qf1 Qd2+ 73. Kh3 b3 74. Be4 b2 75. Qb5 Qd1 76. Qc5+ Bd4 77. Qa3+ Kf2 78. f4 Qf1+ 79. Kh4 b1Q 80. Qg3+ Ke2 81. Bxb1 Qh1+ 0-1

[Event "FRA-chT2S"]
[Site "France"]
[Date "2003.02.??"]
[Round "7.8"]
[White "Marchand, Arnault"]
[Black "Hodot, Yves"]
[Result "0-1"]
[WhiteElo "1780"]
[BlackElo "2102"]
[PlyCount "80"]
[EventDate "2002.10.??"]
[EventType "team"]
[EventRounds "11"]
[EventCountry "FRA"]
[SourceTitle "EXT 2004"]
[Source "ChessBase"]
[SourceDate "2003.11.25"]
[SourceVersion "1"]
[SourceVersionDate "2003.11.25"]
[SourceQuality "1"]

1. d4 f5 2. g4 fxg4 3. h3 g3 4. fxg3 Nf6 5. Bg2 c5 6. e3 Qc7 7. Ne2 g6 8. Nbc3 Bg7 9. Ne4 Nxe4 10. Bxe4 Nc6 11. c3 0-0 12. Qc2 Qa5 13. Bd2 cxd4 14. exd4 d5 15. Qb3 e6 16. Bg2 Qa6 17. Rf1 Bd7 18. Nf4 Na5 19. Qc2 Bb5 20. Rg1 Rac8 21. Qd1 Nc4 22. Qg4 Nxb2 23. Bf1 Bxf1 24. Rxf1 Bh6 25. Rf3 e5 26. dxe5 Rc4 27. Kf2 Bxf4 28. gxf4 Re4 29. Kg3 Nd3 30. h4 Nxe5 31. Qg5 Nxf3 32. Qxd5+ Qe6 33. Qxe6+ Rxe6 34. Kxf3 Rd8 35. Be1 Rd3+ 36. Kf2 Re4 37. Rb1 b6 38. Rb5 Rxf4+ 39. Ke2 Rd7 40. Re5 Ra4 0-1

[Event "FRA-chT2"]
[Site "France"]
[Date "2002.03.10"]
[Round "9"]
[White "Gregoire, Sylvain"]
[Black "Hodot, Yves"]
[Result "1-0"]
[WhiteElo "2182"]
[BlackElo "2107"]
[PlyCount "109"]
[EventDate "2002.??.??"]
[EventType "team"]
[EventRounds "11"]
[EventCountry "FRA"]
[SourceTitle "EXT 2003"]
[Source "ChessBase"]
[SourceDate "2002.11.25"]
[SourceVersion "1"]
[SourceVersionDate "2002.11.25"]
[SourceQuality "1"]

1. d4 f5 2. c4 Nf6 3. Nc3 g6 4. Bg5 c6 5. Bxf6 exf6 6. h4 Qb6 7. Qd2 h5 8. c5 Qc7 9. e3 d6 10. Nh3 dxc5 11. d5 Nd7 12. 0-0-0 Bh6 13. Nf4 Bxf4 14. exf4 0-0 15. Re1 Nb6 16. d6 Qd8 17. Rh3 Bd7 18. Re7 Be8 19. Rhe3 Bf7 20. d7 Qc7 21. Rd3 Rad8 22. Be2 Nc4 23. Qd1 Qxf4+ 24. Kb1 b5 25. Bxh5 Qxf2 26. Re2 Qxh4 27. Rh3 Qg5 28. Bf3 Kg7 29. Qh1 Bg8 30. Bxc6 Ne5 31. Bxb5 Rf7 32. Ree3 f4 33. Ne4 Qf5 34. Rh8 Kf8 35. Re1 Rfxd7 36. Bxd7 Rxd7 37. Ka1 Nf7 38. Rh3 Re7 39. Nc3 Rxe1+ 40. Qxe1 Qe5 41. Qd1 Ng5 42. Rd3 Ne6 43. Rd5 Qe3 44. Rd6 Kg7 45. Rd7+ Bf7 46. Nb5 Nf8 47. Rxa7 c4 48. Rb7 Kg8 49. Nd6 Be6 50. Ne8 Bf7 51. Nxf6+ Kg7 52. Ng4 Qe4 53. Rc7 g5 54. Qh1 Qg6 55. Rxf7+ 1-0

[Event "FRA-chT2"]
[Site "France"]
[Date "2002.03.09"]
[Round "8"]
[White "Labbe, Philippe"]
[Black "Hodot, Yves"]
[Result "1-0"]
[WhiteElo "2050"]
[BlackElo "2107"]
[PlyCount "75"]
[EventDate "2002.??.??"]
[EventType "team"]
[EventRounds "11"]
[EventCountry "FRA"]
[SourceTitle "EXT 2003"]
[Source "ChessBase"]
[SourceDate "2002.11.25"]
[SourceVersion "1"]
[SourceVersionDate "2002.11.25"]
[SourceQuality "1"]

1. e4 e6 2. d4 d5 3. Nc3 Bb4 4. e5 c5 5. a3 Bxc3+ 6. bxc3 Qc7 7. Qg4 Ne7 8. Bd3 g6 9. h4 cxd4 10. Ne2 Nd7 11. cxd4 Qa5+ 12. Bd2 Qa4 13. Qf4 h6 14. Nc3 Qc6 15. Nb5 Nf5 16. g4 a6 17. gxf5 axb5 18. fxg6 fxg6 19. Bb4 b6 20. Bxg6+ Kd8 21. Rh3 Kc7 22. Rc3 Nc5 23. Bxc5 Kb7 24. Qf7+ Qd7 25. Bd6 Qxf7 26. Bxf7 Ra4 27. Rc7+ Ka6 28. Bb4 Rh7 29. 0-0-0 Rg7 30. h5 Bb7 31. Rd3 Rg4 32. Bxe6 Rf4 33. Rf7 Rh4 34. f4 Rxh5 35. Rc3 Rh1+ 36. Kb2 Rd1 37. Rcc7 h5 38. Rxb7 1-0

[Event "FRA-ch qual"]
[Site "Bescanon"]
[Date "1999.08.18"]
[Round "1"]
[White "Guyot, Philippe"]
[Black "Hodot, Yves"]
[Result "1-0"]
[WhiteElo "2322"]
[BlackElo "2178"]
[PlyCount "99"]
[EventDate "1999.08.18"]
[EventType "swiss"]
[EventRounds "11"]
[EventCountry "FRA"]
[SourceTitle "EXT 2000"]
[Source "ChessBase"]
[SourceDate "1999.11.16"]
[SourceVersion "1"]
[SourceVersionDate "1999.11.16"]
[SourceQuality "1"]

1. e4 e6 2. d4 d5 3. Nd2 Nf6 4. e5 Nfd7 5. Bd3 c5 6. c3 Nc6 7. Ne2 cxd4 8. cxd4 f6 9. exf6 Nxf6 10. Nf3 Bd6 11. 0-0 0-0 12. Bg5 Qb6 13. Nc3 Ng4 14. h3 Nh6 15. Bxh6 gxh6 16. Bb5 Bd7 17. Bxc6 bxc6 18. Na4 Qc7 19. Re1 Rab8 20. Ne5 Rf5 21. Ng4 Kg7 22. Qd2 Bf4 23. Qc3 Rbf8 24. Re2 h5 25. Ne5 Bxe5 26. dxe5 Be8 27. Rc1 h4 28. Nc5 Qe7 29. Qe3 Kh8 30. Nd3 Qg7 31. f4 Rg8 32. Rc3 Qe7 33. Rf2 Rg3 34. Qd4 Qg7 35. Nc5 Rxc3 36. Qxc3 Qe7 37. Qd4 Bg6 38. Rf3 Rf8 39. Rb3 Qe8 40. Qf2 Bf5 41. Qxh4 Rf7 42. Rb7 Rxb7 43. Nxb7 Qf8 44. Qd8 Qxd8 45. Nxd8 h5 46. Nxc6 Bb1 47. a3 Kg7 48. Kf2 Kg6 49. g4 a6 50. Nd8 1-0